000 007070000a22002410004500
003 LK-CoMWRAF
005 20230902122505.0
008 230817t1993 ||||| |||| 00| 0 eng d
020 _a8185107718
040 _aLK-CoMWRAF
_dLK-CoMWRAF
_eLK-CoMWRAF
041 _aeng
082 _a297.197
_bMER
100 _aMernissi, Fatima
245 _aWomen and Islam:
_ban historical and theological enquiry
260 _aNew Delhi:
_bKali for women,
_c1993
300 _axi, 228 p. : map ; 23 cm.
_bIndex included
650 _aWOMEN IN ISLAM
650 _aWomen in the Hadith
650 _aWomen in the Qurʼan
650 _aMuslim women -- History
700 _aLakeland, Mary Jo
_etrans.
942 _cBK
999 _c2926
_d2926